African and Oceanian International Airport cities/ towns le - Statistics

General Stats
  • This quiz has been taken 7 times
  • The average score is 134 of 231
Answer Stats
Country City/ Town % Correct
Ivory Coast Abidjan
100%
Nigeria Abuja
100%
Ghana Accra
100%
Ethiopia Addis Ababa
100%
Egypt Alexandria
100%
Algeria Algiers
100%
Madagascar Antananarivo
100%
Samoa Apia
100%
New Zealand Auckland
100%
Mali Bamako
100%
Libya Benghazi
100%
Congo Brazzaville
100%
Australia Brisbane
100%
Burundi Bujumbura
100%
Australia Cairns
100%
Egypt Cairo
100%
Morocco Casablanca
100%
New Zealand Christchurch
100%
Guinea Conakry
100%
Senegal Dakar
100%
Tanzania Dar es Salaam
100%
Australia Darwin
100%
Djibouti Djibouti
100%
Cameroon Douala
100%
South Africa Durban
100%
Morocco Fes
100%
Sierra Leone Freetown
100%
Botswana Gaborone
100%
Australia Gold Coast
100%
Zimbabwe Harare
100%
Ghana Ho
100%
Australia Hobart
100%
Uganda Kampala
100%
Nigeria Kano
100%
DR Congo Kinshasa
100%
Nigeria Lagos
100%
Malawi Lilongwe
100%
Togo Lome
100%
Angola Luanda
100%
Zambia Lusaka
100%
Equatorial-Guinea Malabo
100%
Morocco Marrakesh
100%
Australia Melbourne
100%
Somalia Mogadishu
100%
Kenya Mombasa
100%
Liberia Monrovia
100%
Fiji Nadi
100%
Chad N'Djamena
100%
Niger Niamey
100%
Mauritania Nouakchott
100%
Algeria Oran
100%
Nigeria Port Harcourt
100%
Papua New Guinea Port Moresby
100%
Cape Verde Praia
100%
Sao Tome, Principe Sao Tome
100%
Australia Sydney
100%
Morocco Tangier
100%
Libya Tripoli
100%
Tunisia Tunis
100%
Ghana Wa
100%
New Zealand Wellington
100%
Namibia Windhoek
100%
Cameroon Yaounde
100%
Tanzania Zanzibar
100%
Australia Adelaide
86%
Morocco Agadir
86%
Eritrea Asmara
86%
Central Africa Bangui
86%
Gambia Banjul
86%
Guinea-Bissau Bissau
86%
Australia Canberra
86%
South Africa Cape Town
86%
Algeria Constantine
86%
Benin Cotonou
86%
Tunisia Djerba
86%
New Zealand Dunedin
86%
Tuvalu Funafuti
86%
Egypt Hurghada
86%
South Africa Johannesburg
86%
South Sudan Juba
86%
Rwanda Kigali
86%
Gabon Libreville
86%
DR Congo Lubumbashi
86%
Egypt Luxor
86%
Marshall Islands Majuro
86%
Mozambique Maputo
86%
Lesotho Maseru
86%
Tunisia Monastir
86%
Kenya Nairobi
86%
France (New Caledonia) Noumea
86%
Burkina Faso Ouagadougou
86%
Micronesia Palikir
86%
Australia Perth
86%
Vanuatu Port Vila
86%
Tunisia Sfax
86%
Egypt Sharm El Sheikh
86%
Fiji Suva
86%
Kiribati Tarawa
86%
Seychelles Victoria
86%
Namibia Walvis Bay
86%
Nauru Yaren
86%
Tanzania Arusha
71%
Egypt Aswan
71%
Mozambique Beira
71%
Malawi Blantyre
71%
DR Congo Goma
71%
New Zealand Hamilton
71%
Somalia Hargeisa
71%
Solomon Islands Honiara
71%
Sudan Khartoum
71%
Palau Koror
71%
Ghana Kumasi
71%
Morocco (Western Sahara) Laayoune
71%
Zambia Livingstone
71%
Egypt Marsa Alam
71%
Comoros Moroni
71%
Australia Newcastle
71%
USA (American Samoa) Pago Pago
71%
France (Tahiti) Papeete
71%
Sudan Port Sudan
71%
New Zealand Queenstown
71%
Morocco Rabat
71%
France (Réunion) Saint-Denis
71%
USA (Mariana) Saipan
71%
South Africa Bloemfontein
57%
Zimbabwe Bulawayo
57%
Botswana Francistown
57%
DR Congo Kisangani
57%
Tonga Nuku'alofa
57%
Morocco Oujda
57%
Congo Pointe-Noire
57%
Zimbabwe Victoria Falls
57%
Algeria Annaba
43%
Burkina Faso Bobo Dioulasso
43%
Australia Broome/ Rubibi
43%
Ethiopia Dire Dawa
43%
France (Mayotte) Dzaoudzi
43%
Tunisia Enfidha
43%
UK (St. Helena) Jamestown
43%
Somalia Kismayo
43%
Eswatini Manzini
43%
Botswana Maun
43%
Mauritania Nouadhibou
43%
Mozambique Pemba
43%
Gabon Port-Gentil
43%
Nigeria Sokoto
43%
Egypt Asyut
29%
Algeria Chlef
29%
Kenya Eldoret
29%
Nigeria Enugu
29%
USA (Guam) Hagatna
29%
Kenya Kisumu
29%
Marshall Islands Kwajalein
29%
Vanuatu Luganville
29%
Egypt Marsa Matruh/ Mersa Matruh
29%
Cape Verde Mindelo
29%
Tanzania Mwanza
29%
Mozambique Nampula
29%
Zambia Ndola
29%
South Africa Nelspruit
29%
Australia Port Hedland
29%
Algeria Setif
29%
Mozambique Tete
29%
Algeria Tlemcen
29%
Madagascar Toamasina
29%
Madagascar Toliara
29%
Micronesia Weno
29%
New Zealand (Niue) Alofi
14%
Madagascar Antsiranana
14%
Uganda Arua
14%
Nigeria Asaba
14%
New Zealand (Cook) Avarua
14%
Algeria Batna
14%
Algeria Bejaia
14%
Somalia Bosaso
14%
Nigeria Calabar
14%
Morocco (Western Sahara) Dakhla
14%
South Africa East London
14%
Egypt El Arish
14%
Egypt El Dabaa
14%
Gabon Franceville
14%
Somalia Garowe
14%
Uganda Gulu
14%
Chile (Easter) Hanga Roa
14%
Mozambique Inhambane
14%
Algeria Jijel
14%
Botswana Kasane
14%
Angola Lubango
14%
Madagascar Mahajanga
14%
France (Wallis) Mata-Utu
14%
Tanzania Moshi
14%
Papua New Guinea Mount Hagen
14%
Morocco Nador
14%
Mauritius Plaine Magnien
14%
Libya Sabha
14%
Egypt Saint Catherine
14%
Egypt Taba
14%
Ghana Tamale
14%
Morocco Tetouan
14%
Tunisia Tozeur
14%
Australia (Cocos) West Island
14%
Mauritania Atar
0%
Kiribati Banana
0%
Australia (Norfolk) Burnt Pine
0%
Micronesia Colonia
0%
Papua New Guinea Daru
0%
Cape Verde Espargos
0%
Australia Flying Fish Cove
0%
Somalia Galkayo
0%
France (Futuna) Leava
0%
South Sudan Malakal
0%
Australia Marcoola
0%
Zambia Mfuwe
0%
Tonga Neiafu
0%
Morocco Ouarzazate
0%
Algeria Oumache
0%
South Africa Polokwane/ Pietersburg
0%
Cape Verde Sal Rei
0%
USA (Mariana) San Jose
0%
USA (Mariana) Sinapalo
0%
Egypt Sohag
0%
Ghana Sunyani
0%
Tunisia Tabarka
0%
Libya Tajoura
0%
Ghana Takoradi
0%
Madagascar Tanambao
0%
Tanzania Tanga
0%
Micronesia Tofol
0%
Madagascar Tolanaro
0%
Mozambique Vilankulo
0%
Australia Wasaga
0%
No matching quizzes found
Score Distribution
Percent of People with Each Score
Percentile by Number Answered
Your Score History
You have not taken this quiz